BAĞ-KUR istatistik yıllığı 1998 (Record no. 1896)

MARC details
000 -BAŞLIK
Sabit Uzunlukta Kontrol Alanı 00984na a2200289 4500
001 - KONTROL NUMARASI
Denetim Alanı 15450
003 - KONTROL NUMARASI IDENTIFIER
Denetim Alanı MIRAKIL
005 - SON İŞLEM TARİHİ VE ZAMANI
Denetim Alanı 20181213154838.0
008 - SABİT-BOY VERİ ELEMANLARI - GENEL BİLGİLER
Sabit Uzunlukta Kontrol Alanı 161008b tu 000 0
035 ## - SİSTEM KONTROL NUMARASI
Sistem Kontrol Numarası 15450
040 ## - KATALOGLAMA KAYNAK
Orijinal Kataloglama Ajansı Milas
Kataloglama Dili tur
Metne Dönüştürmek Ajansı TR-AnCHP
041 ## - DİL KODU
Metin / Ses Parça Veya Ayrı Başlığın Dil Kodu tur
-- eng
082 ## - DEWEY ONLU SINIFLANDIRMA NUMARASI
Sınıflandırma Numarası 368.409561021
Ürün Numarası B23b 1999
090 ## - SINIFLAMA NUMARASI
Sınıflama Numarası 368.409561021 B23b 1999
110 ## - ANA GİRİŞ - KURUMSAL ADI
Giriş Elemanı Olarak Kurumsal Ad Veya Yargı Alanı Adı BAĞ-KUR Genel Müdürlüğü
222 ## - ANAHTAR ADI
Anahtar Başlık İstatistik yıllığı
245 ## - BAŞLIK TABLOSU
Başlık BAĞ-KUR istatistik yıllığı 1998
Başlığın Kalan Statistical yearbook
Sorumluluk Tablosu, Vb BAĞ-KUR Genel Müdürlüğü
246 ## - UNVAN FORM VARYING
Başlık Doğru / Kısa Başlığı Statistical yearbook
260 ## - YAYIN, DAĞITIM, VB
Yayın, Dağıtım, Vb Yeri Ankara
Yayıncı, Dağıtıcı, Vs Adı BAĞ-KUR Genel Müdürlüğü
Yayın, Dağıtım, Vb Tarihi 1999
300 ## - FİZİKSEL TANIM
Kapsam 173 s.
Diğer Fiziksel Ayrıntıları tbl. , grf.
Boyutlar 25 sm.
490 ## - SERİSİ TABLOSU
Seri Beyanı BAĞ-KUR Genel Müdürlüğü
Hacim / Ardışık Tanımı 99/1
500 ## - GENEL NOT
Genel Not Metinler Türkçe-İngilizce karşılıklıdır.
650 ## - KONU KATMA GİRİŞ - TOPİKAL DÖNEM
Topikal Süreli Veya Coğrafi Ad Giriş Elemanı Sosyal güvenlik
Genel Alt Bölümü İstatistikler
Coğrafi Alt Bölümü Türkiye
650 ## - KONU KATMA GİRİŞ - TOPİKAL DÖNEM
Topikal Süreli Veya Coğrafi Ad Giriş Elemanı İstatistikler
Genel Alt Bölümü Yıllıklar
Kronolojik Alt Bölümü Türkiye
651 ## - KONU KATMA GİRİŞ - COĞRAFİ ADI
Coğrafi İsim Türkiye
Genel Alt Bölümü BAĞ-KUR
Kronolojik Alt Bölümü 1998
Coğrafi Alt Bölümü İstatistikler
942 ## - EKLENDİ GİRİŞ ELEMANLARI (KOHA)
Sınıflandırma Veya Raf Düzeni Kaynak Dewey Decimal Classification
Koha Öğesi Türü Books
999 ## - SİSTEM KONTROL NUMARALARI (KOHA)
Koha Biblionumber 1896
Koha Biblioitemnumber 1896
Holdings
Kalıcı Konum Mevcut Konum Edinme Tarihi Edinim Kaynak Toplam Check-Out'Lar Tam Çağrı Numarası Barkod Tarih Son Görülme İtibaren Geçerli Fiyatlar Koha Öğesi Türü
CHP Kütüphanesi CHP Kütüphanesi 09/09/2016 Bağış   368.409561021 B23b 1999 003867 09/09/2016 09/09/2016 Books